Programa d'Anàlisi de Biblioteques : memòria 1996/2000 : grup de biblioteques de la Diputació de Barcelona / Eulàlia Espinàs (dir.) memòria 1996/2000 :

Publicat: Barcelona : Fundación Bertelsmann , 2001
Descripció física: 77 p. : gràfics, quadres ; 30 cm
Altres autors: Espinàs, Eulàlia

MARC

LEADER 00000nam a2200000Ia 4500
001 15986
003 BGR
005 20260324175656.0
008 160829s2001 xx 000 0 cat d
080 |a A-2-203 
245 |a Programa d'Anàlisi de Biblioteques :  |b  memòria 1996/2000 :  |b  grup de biblioteques de la Diputació de Barcelona / Eulàlia Espinàs (dir.) 
260 |a Barcelona :  |b Fundación Bertelsmann,  |c 2001 
300 |a 77 p. :  |b  gràfics, quadres ;  |c 30 cm 
590 |a Publicació realitzada en el marc de Programa d'Anàlisi de Biblioteques (PAB) de la Fundación Bertelsmann, en col·laboració amb el Servei de Biblioteques de l'Àrea de Cultura de la Diputació de Barcelona, desenvolupat al llarg dels anys 1996 / 2000 
650 |a Programa d'Anàlisi de Biblioteques  |x Memòries  |9 37507 
700 1 |a Espinàs, Eulàlia  |9 37508 
710 |a Barcelona (Catalunya : Província).  |b Servei de Biblioteques  |9 4217 
710 |a Fundación Bertelsmann  |9 56620 
901 |a Arxiu 
942 |n 1  |2 udc  |c MON 
952 |0 0  |1 0  |4 0  |6 A2203  |7 1  |9 47901  |a Arxiu  |b Arxiu  |d 2016-12-01  |l 0  |o A-2-203  |p 15986  |r 2016-12-01 00:00:00  |w 2016-12-01  |y ARXIU 
999 |c 51701  |d 51701